| 000 | 01676cam a2200469 4500 | ||
|---|---|---|---|
| 003 | PE-LiUPU | ||
| 005 | 20250731173423.0 | ||
| 008 | 2003 sp spa | ||
| 020 | _a8486589665 | ||
| 035 | _a(Sirsi) i9788486589660 | ||
| 035 | _a(Sirsi) 47861 | ||
| 035 | _a(Sirsi) 47861 | ||
| 041 | _aes | ||
| 044 | _aes | ||
| 082 | 0 | 4 |
_a230.3 _bR99 |
| 100 | 1 |
_aRyle, John Charles _d1816-1900- |
|
| 245 | 1 | 0 |
_aAdvertencias a las iglesias / _cJohn Charles Ryle. |
| 264 | 1 |
_aMadrid : _bPeregrino, _c2003. |
|
| 300 |
_a160 páginas ; _c22 centímetros |
||
| 505 | 0 | _aLa iglesia verdadera -- Sin falsificar la Palabra -- "Ocupate en estas cosas" -- Fariseos y saducedos -- Doctrinas diversas y extrañas -- La falibilidad de los ministerios -- Temores apostólicos -- La idolatría. | |
| 526 | _aSEG42 | ||
| 526 | _aSEG41 | ||
| 526 | _aSEG40 | ||
| 526 | _aSEG39 | ||
| 526 | _aP94 | ||
| 526 | _aP87 | ||
| 526 | _aP86 | ||
| 526 | _aP85 | ||
| 526 | _aP77 | ||
| 526 | _aP76 | ||
| 526 | _aP35 | ||
| 650 | 1 | 4 |
_aIglesia Católica _xObras de controversia. |
| 650 | 1 | 4 | _aCristianismo. |
| 700 | 1 |
_aCánovas Williams, David _etraductor. |
|
| 942 |
_2ddc _cBOOK |
||
| 949 |
_a230.3 R99 _i65670 _lCCODEBUL1 _mBUL _tLIBRO _o.STAFF. Colección Teología |
||
| 859 |
_q65670 _h230.3 _iR99 |
||
| 910 |
_agl _bjv _clch _d20121028 |
||
| 596 | _a1 | ||
| 999 |
_a230.3 R99 _wDEWEY _c54106 _i65670 _d54106 _e2016-5-18 _f2021-11-9 _g5 _lCCODEBUL1 _mBUL _n2 _p31.00 _q1 _r0 _sY _tBOOK _u2015-7-6 _xTEOLOGIA _PP35 _0COMPRA _o.STAFF. Colección Teología |
||
| 980 |
_81 _gALBERTO SANCHEZ Responsable de Automatización |
||